| 000 | 00329nam a2200121 4500 | ||
|---|---|---|---|
| 999 |
_c9739 _d9739 |
||
| 008 | 180716b ||||| |||| 00| 0 eng d | ||
| 100 |
_928919 _aBinay, Jejomar C. |
||
| 245 |
_aTax reforms/ _cJejomar C. Binay |
||
| 260 |
_aPhilippines _bManila Bulletin _cc2017 |
||
| 300 | _apage 10. | ||
| 650 | 0 |
_928920 _aTaxation. |
|
| 942 |
_2ddc _cPER |
||